000 00416nam a2200193Ia 4500
008 210210b1878 xxu||||| |||| 00| 0 eng d
041 _aeng
082 _a829/1134
100 _aTOLSTOY (L)
245 _aAnna Karenina Vol II
260 _a
_bNot Mentioned
_c1878
440 _aII
650 _aVol
650 _aKarenina
650 _aII
650 _aAnna
690 _aEnglish Fiction
906 _a017746
999 _c137730
_d137730